[Event "Vecindario Montalvo Memorial 15th"]
[Site "Vecindario"]
[Date "2023.04.08"]
[Round "8"]
[White "Guerrero Orihuela, Juan Antonio"]
[Black "Santana Trujillo, Agustin"]
[Result "0-1"]
[WhiteElo "1173"]
[BlackElo "1432"]
[PlyCount "120"]
[EventDate "2023.04.02"]
[EventType "swiss"]
[EventRounds "9"]
[EventCountry "ESP"]
[SourceTitle "CBM 213 Extra"]
[Source "ChessBase"]
[SourceDate "2023.05.31"]
[SourceVersion "1"]
[SourceVersionDate "2023.05.31"]
[SourceQuality "1"]

1. e4 c5 2. Nf3 Nc6 3. d4 cxd4 4. Nxd4 g6 5. Nc3 Bg7 6. Be3 a6 7. Qd2 d6 8. 0-0-0 Bd7 9. Bc4 Rc8 10. Nxc6 Bxc6 11. f3 Nf6 12. Bh6 0-0 13. h4 Bxe4 14. Bxf7+ Rxf7 15. Nxe4 Nxe4 16. fxe4 Qb6 17. Bxg7 Rf2 18. Qd5+ Kxg7 19. Rd2 Qe3 20. Kd1 Rxd2+ 21. Qxd2 Qxe4 22. Re1 Qxh4 23. Qd5 Rc5 24. Qxb7 Re5 25. Rxe5 dxe5 26. Qd5 Qd4+ 27. Qxd4 exd4 28. Kd2 e5 29. c3 dxc3+ 30. bxc3 Kf7 31. Ke3 Ke6 32. Ke4 Kd6 33. c4 a5 34. c5+ Kxc5 35. Kxe5 Kb4 36. Kf6 Ka3 37. Kg7 Kxa2 38. Kxh7 a4 39. Kxg6 a3 40. g4 Kb1 41. g5 a2 42. Kh7 a1Q 43. g6 Kb2 44. g7 Qh1+ 45. Kg6 Qg2+ 46. Kf6 Qf3+ 47. Kg6 Qg4+ 48. Kf6 Kc3 49. Kf7 Qf5+ 50. Ke7 Qg6 51. Kf8 Qf6+ 52. Kg8 Kd4 53. Kh7 Qh4+ 54. Kg6 Qg4+ 55. Kf6 Kd5 56. Kf7 Qe6+ 57. Kf8 Qf6+ 58. Kg8 Ke6 59. Kh7 Qh4+ 60. Kg8 Qd8+ 0-1

[Event "Fuerteventura-chT"]
[Site "Puerto del Rosario"]
[Date "2018.02.10"]
[Round "6.3"]
[White "Gehrmann, Dorit"]
[Black "Santana Trujillo, Agustin"]
[Result "1-0"]
[WhiteElo "1896"]
[BlackElo "1447"]
[PlyCount "61"]
[EventDate "2018.01.13"]
[EventType "team-tourn"]
[EventRounds "14"]
[EventCountry "ESP"]
[SourceTitle "EXT 2024"]
[Source "ChessBase"]
[SourceDate "2023.10.10"]
[SourceVersion "1"]
[SourceVersionDate "2023.10.10"]
[SourceQuality "1"]
[WhiteTeam "Taberna el Capitan"]
[BlackTeam "Herbania"]
[WhiteTeamCountry "ESP"]
[BlackTeamCountry "ESP"]

1. e4 c5 2. Nf3 g6 3. g3 Bg7 4. Bg2 Nc6 5. c3 Nf6 6. d3 d5 7. Qc2 0-0 8. 0-0 Re8 9. Nbd2 b6 10. Ne1 Bb7 11. f4 Ng4 12. Ndf3 d4 13. h3 Nf6 14. a3 e6 15. Kh2 dxc3 16. bxc3 Qc7 17. Bb2 Rad8 18. Qe2 a6 19. Nc2 Na5 20. e5 Nd5 21. Nd2 b5 22. Ne4 c4 23. d4 Bf8 24. Ne3 Be7 25. Rae1 Kg7 26. Qg4 Nxe3 27. Rxe3 Bxe4 28. Bxe4 Qc8 29. f5 Kg8 30. fxg6 f6 31. exf6 1-0

[Event "Fuerteventura-chT"]
[Site "Puerto del Rosario"]
[Date "2018.02.04"]
[Round "5.3"]
[White "Santana Trujillo, Agustin"]
[Black "Pena Sosa, Raul"]
[Result "1-0"]
[WhiteElo "1447"]
[BlackElo "1281"]
[PlyCount "65"]
[EventDate "2018.01.13"]
[EventType "team-tourn"]
[EventRounds "14"]
[EventCountry "ESP"]
[SourceTitle "EXT 2024"]
[Source "ChessBase"]
[SourceDate "2023.10.10"]
[SourceVersion "1"]
[SourceVersionDate "2023.10.10"]
[SourceQuality "1"]
[WhiteTeam "Herbania"]
[BlackTeam "Dragones "]
[WhiteTeamCountry "ESP"]
[BlackTeamCountry "ESP"]

1. d4 d5 2. Bf4 Bf5 3. Nf3 Nf6 4. e3 e6 5. c3 Nbd7 6. Nbd2 c6 7. c4 Bb4 8. a3 Bxd2+ 9. Qxd2 Ne4 10. Qc1 Qa5+ 11. b4 Qa4 12. Nh4 0-0 13. Nxf5 exf5 14. f3 Nef6 15. Bd3 g6 16. Kf2 Rac8 17. c5 b5 18. Bc2 Qa6 19. a4 Qb7 20. h3 Rfd8 21. g4 fxg4 22. hxg4 Nf8 23. g5 Nh5 24. Rxh5 gxh5 25. Qh1 Ng6 26. Qxh5 Nxf4 27. Qxh7+ Kf8 28. Qh6+ Kg8 29. Bh7+ Kh8 30. Rh1 Nd3+ 31. Bxd3+ Kg8 32. Qf6 Rd6 33. Rh8# 1-0